000 00663nam a2200217Ia 4500
003 LK-CoDNM
005 20240829102649.0
008 010623t1945 xxu||||| |||| 00| 1 Pali d
040 _aLK-CoDNM
_dLK-CoDNM
_eLK-CoDNM
041 _aPali
_asin
080 _a8A
_bL19
100 _aPemaratana Thero,weliwitiye
245 _aවිනයට්ඨ කථා
246 _aVinayatthakatha : Bhadantacariya Buddhaghosa Maha Thera's Samantapasadika
260 _bThe Tipitaka Publication
_aColombo
_c1945
300 _bvii, 712p. : ill ; 25 cm
490 _vVol. XLV - Part II
650 _aSamantapasadika
650 _aTripitaka- Vinaya Pitaka
942 _cBK
999 _c100629
_d100629